000 00695nam a22002057a 4500
003 KOHA_MİRAKIL
005 20260415074619.0
008 260414b tu ||||| |||| 00| 0 tur d
020 _a9786052952856
040 _aTR-AnABB
_btur
_cTR-AnABB
041 _atur
082 _a371.207
_b DUN 2017
245 0 0 _aDünya'nın durumu 2017 :
_bYeryüzü eğitimi: Değişen gezegende eğitimi yeniden düşünmek /
_cÇeviren: Duygu Kutluay
260 _aİstanbul :
_bTürkiye İş Bankası Kültür Yayınları,
_c2017
300 _a419 sayfa :
_c20 cm
650 0 4 _aEğitim planlaması
700 1 _aKutluay, Duygu,
_eçeviren
_91
900 _bCan ÇELIK
942 _2ddc
_cBK
999 _c10215
_d10215